Truth serum : memoirs /

Guardat en:
Dades bibliogràfiques
Autor principal: Cooper, Bernard (Autor)
Format: Llibre
Idioma:anglès
Publicat: Boston ; New York : Houghton Mifflin Company, c1996
Etiquetes: Afegir etiqueta
Sense etiquetes, Sigues el primer a etiquetar aquest registre!

MARC

LEADER 00000nam a22000007i 4500
001 IT\ICCU\UBO\2262203
003 ItRI
005 20260115231817.0
008 030731s1996 xxu|||||| ||||| |||||c
020 |a 0395859948 
040 |b ita  |c importazione bologna sebina 
041 7 |a eng  |2 ISO-639-2 
100 1 |a Cooper, Bernard  |0 IT\ICCU\UBOV\818285  |4 aut 
245 1 0 |a Truth serum :  |b memoirs /  |c Bernard Cooper. 
260 |a Boston ;  |a New York :  |b Houghton Mifflin Company,  |c c1996 
300 |a 225 p. ;  |c 20 cm. 
942 |2 ddc  |c BK  |n 0 
952 |0 0  |1 0  |4 0  |6 DOC_813_540000000000000_COO  |7 0  |9 13198  |a BO  |b BO  |d 2026-01-15  |i 7607  |l 0  |o DOC 813.54 COO  |p BO7607  |r 2026-01-15 23:18:17  |w 2026-01-15  |x [Sebina 5] [1 v.]  |y BK  |z 1 v. 
999 |c 11323  |d 11323